000 00793nam a22002297a 4500
005 20150608100756.0
008 150608b xxu||||| |||| 00| 0 eng d
020 _a9718511709
050 0 4 _aSH167.G86
_bD57 2004
245 0 0 _aDiseases of cultured groupers /
_ceditores Kazuya Nagasawa, Erlinda R. Cruz-Lacierda.
250 _a1a ed.
260 _aIloilo, Philippines :
_bSoutheast Asian Fisheries Development Center
260 _bAquaculture Department
260 _bGovernment of Japan Trust Fund,
_c2004
300 _avi, 81 p. :
_bil. ;
_c30 cm.
504 _aIncluye apéndice, bibliografía y glosario
650 4 _aMero
_xEnfermedades
650 7 _2LEMB
_aPeces
_xEnfermedades
700 1 _aNagasawa, Kazuya,
_eed.
700 1 _aCruz-Lacierda, Erlinda R.,
_eed.
942 _2lcc
_cLIB
999 _c94706
_d94706